书目信息 |
| 题名: |
思想政治工作优秀研究成果
|
|
| 作者: | 天津市思想政治工作研究会 编 | |
| 分册: | ||
| 出版信息: | 天津 天津人民出版社 2017.12 |
|
| 页数: | 285页 | |
| 开本: | 24cm | |
| 丛书名: | ||
| 单 册: | ||
| 中图分类: | D412.62-53 | |
| 科图分类: | ||
| 主题词: | 国有煤炭企业--政治工作--中国--文集 | |
| 电子资源: | ||
| ISBN: | 978-7-201-12735-4 | |
| 000 | 01236nam0 2200229 45 | |
| 001 | 012001000996 | |
| 005 | 20140920091302.0 | |
| 010 | @a978-7-201-12735-4@dCNY46.00 | |
| 100 | @a20171202d2017 em y0chiy0110 ea | |
| 101 | 0 | @achi |
| 102 | @aCN@b120000 | |
| 105 | @ay z 000yy | |
| 106 | @ar | |
| 200 | 1 | @a思想政治工作优秀研究成果@9Si Xiang Zheng Zhi Gong Zuo You Xiu Yan Jiu Cheng Guo@f天津市思想政治工作研究会编 |
| 210 | @a天津@c天津人民出版社@d2017.12 | |
| 215 | @a285页@d24cm | |
| 330 | @a本书是在2016年度天津市思想政治工作优秀研究成果评选中,荣获一二三等奖文章的结集。全书共收入优秀研究成果60篇,这些成果来自全市各区系统(行业)和单位的领导同志、理论工作者以及一线政工干部,是他们对思想政治工作实践的理性思考、经验总结和方法探索,其中很多成为上级领导决策的重要依据,并在实践中得到推广和群众的认同,反映了天津思想政治工作者和思想政治工作研究的整体水平。这本书从多领域多角度多侧面展示了基层思想政治工作创新实践,对于加强和改进新形势下基层思想政治工作具有重要启示和借鉴意义。 | |
| 606 | 0 | @a国有煤炭企业@x政治工作@y中国@j文集 |
| 690 | @aD412.62-53@v5 | |
| 701 | 0 | @a天津市思想政治工作研究会@9Tian Jin Shi Si Xiang Zheng Zhi Gong Zuo Yan Jiu Hui@4编 |
| 801 | 0 | @aCN@b上海新华@c20180901 |
| 905 | @b1155706-10@dD412.62-53@e46@f5 | |
| 思想政治工作优秀研究成果/天津市思想政治工作研究会编.-天津:天津人民出版社,2017.12 |
| 285页;24cm |
| ISBN 978-7-201-12735-4:CNY46.00 |
| 本书是在2016年度天津市思想政治工作优秀研究成果评选中,荣获一二三等奖文章的结集。全书共收入优秀研究成果60篇,这些成果来自全市各区系统(行业)和单位的领导同志、理论工作者以及一线政工干部,是他们对思想政治工作实践的理性思考、经验总结和方法探索,其中很多成为上级领导决策的重要依据,并在实践中得到推广和群众的认同,反映了天津思想政治工作者和思想政治工作研究的整体水平。这本书从多领域多角度多侧面展示了基层思想政治工作创新实践,对于加强和改进新形势下基层思想政治工作具有重要启示和借鉴意义。 |
| ● |
| 相关链接 |
|
|
|
|
正题名:思想政治工作优秀研究成果
索取号:D412.62-53/46
 
预约/预借
| 序号 | 登录号 | 条形码 | 馆藏地/架位号 | 状态 | 备注 |
| 1 | 1155706 | 211557064 | 第一样本阅览室/ [索取号:D412.62-53/46] | 在馆 | |
| 2 | 1155707 | 211557073 | 第一借阅区/ [索取号:D412.62-53/46] | 在馆 | |
| 3 | 1155708 | 211557082 | 第一借阅区/ [索取号:D412.62-53/46] | 在馆 | |
| 4 | 1155709 | 211557091 | 第一借阅区/ [索取号:D412.62-53/46] | 在馆 | |
| 5 | 1155710 | 211557108 | 密集书库-史法系/ [索取号:D412.62-53/46] | 在馆 |